Statistics for Yellow plates car in the World

Click here to take the quiz!

General Stats

  • This quiz has been taken 12 times
  • The average score is 7 of 22

Answer Stats

ContinentAnswer% Correct
EuropeUnited Kingdom
89%
AsiaJapan
67%
EuropeNetherlands
67%
AsiaIsrael
56%
AmericaColombia
44%
EuropeLuxembourg
44%
AsiaSingapore
44%
AfricaAlgeria
33%
AfricaKenya
33%
AfricaBotswana
22%
EuropeGibraltar
22%
AsiaNorth Korea
22%
AsiaOman
22%
AfricaRwanda
22%
AfricaBurundi
11%
AfricaGabon
11%
AmericaGrenada
11%
AsiaLaos
11%
AsiaSri Lanka
11%
AmericaSuriname
11%
AfricaTanzania
11%
AfricaUganda
11%

Score Distribution

Percentile by Number Answered

Percent of People with Each Score

Your Score History

You have not taken this quiz